Líneas de las Antillas, de Méjico, de New-York y de Colón / (Record no. 42422)
[ view plain ]
| 000 -LEADER | |
|---|---|
| campo de control de longitud fija | 00501nam a2200145 i 4500 |
| 001 - NÚMERO DE CONTROL | |
| campo de control | 42422 |
| 003 - IDENTIFICADOR DE NÚMERO DE CONTROL | |
| campo de control | ES-MaACL |
| 007 - CAMPO FIJO DE DESCRIPCIÓN FÍSICA--INFORMACIÓN GENERAL | |
| campo de control de longitud fija | t| |
| 008 - DATOS DE LONGITUD FIJA--INFORMACIÓN GENERAL | |
| campo de control de longitud fija | 030321s1887 sp ||||1| spa d |
| 110 2# - ENTRADA PRINCIPAL--NOMBRE DE ENTIDAD CORPORATIVA | |
| Nombre de entidad corporativa o nombre de jurisdicción como elemento de entrada | Compañía Trasatlántica Española. |
| 9 (RLIN) | 3125 |
| 245 10 - MENCIÓN DEL TÍTULO | |
| Título | Líneas de las Antillas, de Méjico, de New-York y de Colón / |
| Mención de responsabilidad, etc. | Compañía Trasatlántica (antes A. López y Cª). |
| 260 ## - PUBLICACIÓN, DISTRIBUCIÓN, ETC. | |
| Lugar de publicación, distribución, etc. | Barcelona : |
| Nombre del editor, distribuidor, etc. | [s.n., |
| Fecha de publicación, distribución, etc. | 1887 ?] |
| 300 ## - DESCRIPCIÓN FÍSICA | |
| Extensión | 72 p., [5] h. pleg. de planos de barcos ; |
| Dimensiones | 22 cm. |
| 852 ## - LOCALIZACIÓN | |
| Ubicación | ES-MaACL |
| Número de control de estantería | G-14139 |
| Estatus retirado | Estado de pérdida | Estado de daño | No para préstamo | Colección | Biblioteca de origen | Biblioteca actual | Ubicación en estantería | Fecha de adquisición | Fuente de adquisición | Total de préstamos | Signatura topográfica completa | Código de barras | Visto por última vez | Precio de reemplazo | Tipo de ítem Koha |
|---|---|---|---|---|---|---|---|---|---|---|---|---|---|---|---|
| Libros del s. XIX | Biblioteca del Ateneo de Madrid | Biblioteca del Ateneo de Madrid | Sala Pecera Planta 3 | 17/01/2008 | G-14139 | 1044648 | 23/02/2023 | 23/02/2023 | Libro impreso antiguo |
